Т. 18, вып. 11; Журнал общей химии

Dettagli Bibliografici
Parent link:Журнал общей химии/ Академия наук СССР (АН СССР). Т. 18, вып. 11.— , 1931-.— 0044-460X
Lingua:russo
Pubblicazione: 1948
Natura: Libro
KOHA link:https://koha.lib.tpu.ru/cgi-bin/koha/opac-detail.pl?biblionumber=432170

MARC

LEADER 00000nam2a2200000 4500
001 432170
005 20231101075458.0
035 |a (RuTPU)RU\TPU\prd\92407 
035 |a RU\TPU\prd\92397 
090 |a 432170 
100 |a 20101206a18699999k y0rusy50 ca 
101 0 |a rus 
102 |a RU 
200 0 |a Т. 18, вып. 11 
210 |d 1948 
461 1 |0 (RuTPU)RU\TPU\prd\161  |x 0044-460X  |t Журнал общей химии  |f Академия наук СССР (АН СССР)  |v Т. 18, вып. 11  |d 1931- 
801 1 |a RU  |b 63413507  |c 20020305  |g PSBO 
801 2 |a RU  |b 63413507  |c 20101206  |g PSBO 
942 |c BK 
999 |a НТБ_ТПУ  |b НФ  |e -8/20100113  |p П-770  |u 0,00  |v 1